[Event "Chess Masters Gent 2023"]
[Site "Ghent, Belgium"]
[Date "2023.07.19"]
[Round "9.1"]
[White "Miedema, David"]
[Black "Laurent-Paoli, Pierre"]
[Result "0-1"]
[TimeControl "90'/40 + 30' + 30\"/M"]
[WhiteTitle "IM"]
[BlackTitle "IM"]
[WhiteFideId "1018477"]
[BlackFideId "26017962"]
[WhiteElo "2375"]
[BlackElo "2531"]

1. e4 {[%clk 01:25:18]} {[%emt 00:05:41]} c6 {[%clk 01:28:34]} {[%emt
00:02:25]} 2. d4 {[%clk 01:25:42]} {[%emt 00:00:07]} d5 {[%clk 01:28:59]}
{[%emt 00:00:05]} 3. e5 {[%clk 01:25:52]} {[%emt 00:00:20]} Bf5 {[%clk
01:28:47]} {[%emt 00:00:41]} 4. Nf3 {[%clk 01:23:36]} {[%emt 00:02:46]} e6
{[%clk 01:28:34]} {[%emt 00:00:43]} 5. Be2 {[%clk 01:24:01]} {[%emt 00:00:05]}
c5 {[%clk 01:24:43]} {[%emt 00:04:21]} 6. Be3 {[%clk 01:24:01]} {[%emt
00:00:30]} Qb6 {[%clk 01:24:44]} {[%emt 00:00:29]} 7. Nc3 {[%clk 01:24:23]}
{[%emt 00:00:08]} Nc6 {[%clk 01:18:46]} {[%emt 00:06:27]} 8. O-O {[%clk
01:24:44]} {[%emt 00:00:09]} Qxb2 {[%clk 01:18:28]} {[%emt 00:00:48]} 9. Qb1
{[%clk 01:22:18]} {[%emt 00:02:56]} Qxb1 {[%clk 01:18:54]} {[%emt 00:00:04]} 10.
Raxb1 {[%clk 01:22:44]} {[%emt 00:00:04]} O-O-O {[%clk 01:19:21]} {[%emt
00:00:03]} 11. dxc5 {[%clk 01:03:49]} {[%emt 00:19:26]} d4 {[%clk 01:11:36]}
{[%emt 00:08:15]} 12. Bg5 {[%clk 01:00:29]} {[%emt 00:03:50]} f6 {[%clk
01:04:53]} {[%emt 00:07:13]} 13. Nb5 {[%clk 01:00:54]} {[%emt 00:00:04]} Bxc5
{[%clk 01:01:07]} {[%emt 00:04:15]} 14. Bh4 {[%clk 00:59:41]} {[%emt 00:01:44]}
a6 {[%clk 00:58:53]} {[%emt 00:02:45]} 15. Nd6+ {[%clk 01:00:00]} {[%emt
00:00:10]} Bxd6 {[%clk 00:59:15]} {[%emt 00:00:08]} 16. exd6 {[%clk 01:00:28]}
{[%emt 00:00:03]} Bxc2 {[%clk 00:57:23]} {[%emt 00:02:22]} 17. Bc4 {[%clk
00:59:33]} {[%emt 00:01:25]} Rxd6 {[%clk 00:56:44]} {[%emt 00:01:09]} 18. Rb2
{[%clk 00:59:05]} {[%emt 00:00:58]} Bf5 {[%clk 00:51:22]} {[%emt 00:05:51]} 19.
Nd2 {[%clk 00:56:43]} {[%emt 00:02:51]} Nge7 {[%clk 00:51:29]} {[%emt
00:00:24]} 20. g4 {[%clk 00:56:54]} {[%emt 00:00:19]} Bxg4 {[%clk 00:43:31]}
{[%emt 00:08:28]} 21. Ne4 {[%clk 00:57:13]} {[%emt 00:00:12]} Rhd8 {[%clk
00:42:19]} {[%emt 00:01:42]} 22. Nxd6+ {[%clk 00:55:55]} {[%emt 00:01:47]} Rxd6
{[%clk 00:42:48]} {[%emt 00:00:02]} 23. Bg3 {[%clk 00:55:58]} {[%emt 00:00:27]}
e5 {[%clk 00:42:49]} {[%emt 00:00:29]} 24. f4 {[%clk 00:56:12]} {[%emt
00:00:16]} e4 {[%clk 00:41:46]} {[%emt 00:01:33]} 25. f5 {[%clk 00:56:37]}
{[%emt 00:00:05]} Ne5 {[%clk 00:40:47]} {[%emt 00:01:29]} 26. Be6+ {[%clk
00:56:33]} {[%emt 00:00:34]} Kc7 {[%clk 00:41:05]} {[%emt 00:00:12]} 27. Bxe5
{[%clk 00:48:21]} {[%emt 00:08:43]} fxe5 {[%clk 00:41:34]} {[%emt 00:00:02]} 28.
Rg2 {[%clk 00:48:28]} {[%emt 00:00:22]} h5 {[%clk 00:39:46]} {[%emt 00:02:17]}
29. h3 {[%clk 00:48:48]} {[%emt 00:00:10]} Bxh3 {[%emt 00:03:18]} 30. Rc1+
{[%clk 00:49:14]} Rc6 {[%clk 00:34:12]} {[%emt 00:03:20]} 31. Rxc6+ {[%clk
00:48:55]} {[%emt 00:00:49]} Kxc6 {[%clk 00:30:10]} {[%emt 00:04:31]} 32. Rxg7
{[%clk 00:34:13]} {[%emt 00:15:12]} Bxf5 {[%clk 00:26:26]} {[%emt 00:04:15]} 33.
Rxe7 {[%clk 00:34:30]} {[%emt 00:00:12]} Kd6 {[%clk 00:26:52]} {[%emt
00:00:04]} 34. Bxf5 {[%clk 00:34:57]} {[%emt 00:00:03]} Kxe7 {[%clk 00:27:17]}
{[%emt 00:00:05]} 35. Bc8 {[%clk 00:35:20]} {[%emt 00:00:08]} a5 {[%clk
00:24:40]} {[%emt 00:03:07]} 36. Bxb7 {[%clk 00:31:50]} {[%emt 00:04:00]} e3
{[%clk 00:24:36]} {[%emt 00:00:34]} 37. Kg2 {[%clk 00:18:34]} {[%emt 00:13:46]}
Kd6 {[%clk 00:24:31]} {[%emt 00:00:35]} 38. Kg3 {[%clk 00:16:29]} {[%emt
00:02:36]} Kc5 {[%clk 00:20:37]} {[%emt 00:04:24]} 39. Bf3 {[%clk 00:11:17]}
{[%emt 00:05:42]} d3 {[%clk 00:20:52]} {[%emt 00:00:15]} 40. Bxh5 {[%clk
00:11:43]} {[%emt 00:00:04]} Kd4 {[%clk 00:21:16]} {[%emt 00:00:06]} 41. Kf3
{[%clk 00:11:37]} {[%emt 00:00:34]} e4+ {[%clk 00:21:31]} {[%emt 00:00:17]} 0-1

[Event "Chess Masters Gent 2023"]
[Site "Ghent, Belgium"]
[Date "2023.07.19"]
[Round "9.2"]
[White "Maerevoet, Sim"]
[Black "Dgebuadze, Alexandre"]
[Result "0-1"]
[TimeControl "90'/40 + 30' + 30\"/M"]
[WhiteTitle "FM"]
[BlackTitle "GM"]
[WhiteFideId "241725"]
[WhiteElo "2414"]
[BlackElo "2443"]

1. c4 {[%clk 01:30:51]} {[%emt 00:00:02]} c5 {[%clk 01:30:10]} {[%emt
00:00:57]} 2. Nf3 {[%clk 01:29:55]} {[%emt 00:01:25]} Nc6 {[%clk 01:30:22]}
{[%emt 00:00:19]} 3. Nc3 {[%clk 01:30:05]} {[%emt 00:00:19]} g6 {[%clk
01:30:46]} {[%emt 00:00:06]} 4. e3 {[%clk 01:30:11]} {[%emt 00:00:24]} Bg7
{[%clk 01:30:44]} {[%emt 00:00:32]} 5. d4 {[%clk 01:30:17]} {[%emt 00:00:23]}
Nf6 {[%clk 01:30:12]} {[%emt 00:01:02]} 6. d5 {[%clk 01:29:27]} {[%emt
00:01:20]} Na5 {[%clk 01:30:36]} {[%emt 00:00:05]} 7. e4 {[%clk 01:06:41]}
{[%emt 00:23:18]} d6 {[%clk 01:29:23]} {[%emt 00:01:43]} 8. h3 {[%clk
01:05:59]} {[%emt 00:01:12]} O-O {[%clk 01:29:42]} {[%emt 00:00:11]} 9. Bd3
{[%clk 01:05:53]} {[%emt 00:00:36]} a6 {[%clk 01:29:48]} {[%emt 00:00:24]} 10.
O-O {[%clk 01:04:24]} {[%emt 00:01:59]} Rb8 {[%clk 01:28:45]} {[%emt 00:01:33]}
11. a4 {[%clk 00:56:49]} {[%emt 00:08:05]} e5 {[%clk 01:26:57]} {[%emt
00:02:17]} 12. Bd2 {[%clk 00:53:45]} {[%emt 00:03:35]} Nh5 {[%clk 01:24:32]}
{[%emt 00:02:55]} 13. Ne2 {[%clk 00:48:54]} {[%emt 00:05:21]} f5 {[%clk
01:14:40]} {[%emt 00:10:22]} 14. Ng5 {[%clk 00:48:25]} {[%emt 00:00:59]} h6
{[%clk 01:04:55]} {[%emt 00:10:15]} 15. Ne6 {[%clk 00:47:43]} {[%emt 00:01:12]}
Bxe6 {[%clk 01:05:17]} {[%emt 00:00:08]} 16. dxe6 {[%clk 00:47:53]} {[%emt
00:00:20]} Nc6 {[%clk 01:04:09]} {[%emt 00:01:37]} 17. Ng3 {[%clk 00:39:53]}
{[%emt 00:08:30]} Nf4 {[%clk 01:00:47]} {[%emt 00:03:52]} 18. Bb1 {[%clk
00:38:49]} {[%emt 00:01:34]} Nd4 {[%clk 01:00:00]} {[%emt 00:01:16]} 19. exf5
{[%clk 00:38:11]} {[%emt 00:01:08]} gxf5 {[%clk 00:58:50]} {[%emt 00:01:40]} 20.
Nh5 {[%clk 00:31:36]} {[%emt 00:07:05]} Nxh5 {[%clk 00:56:46]} {[%emt
00:02:35]} 21. Qxh5 {[%clk 00:31:59]} {[%emt 00:00:07]} Qe8 {[%clk 00:55:21]}
{[%emt 00:01:54]} 22. Qxe8 {[%clk 00:28:05]} {[%emt 00:04:23]} Rbxe8 {[%clk
00:55:08]} {[%emt 00:00:44]} 23. Ra3 {[%clk 00:28:14]} {[%emt 00:00:21]} Rxe6
{[%clk 00:55:15]} {[%emt 00:00:23]} 24. Re1 {[%clk 00:27:02]} {[%emt 00:01:43]}
Kh8 {[%clk 00:47:45]} {[%emt 00:07:58]} 25. f3 {[%clk 00:22:19]} {[%emt
00:05:14]} h5 {[%clk 00:41:07]} {[%emt 00:07:08]} 26. Rd3 {[%clk 00:15:38]}
{[%emt 00:07:12]} Rg6 {[%clk 00:34:36]} {[%emt 00:07:01]} 27. Bc3 {[%clk
00:12:52]} {[%emt 00:03:17]} h4 {[%clk 00:34:27]} {[%emt 00:00:39]} 28. Bxd4
{[%clk 00:12:57]} {[%emt 00:00:24]} cxd4 {[%clk 00:31:49]} {[%emt 00:03:08]} 29.
Rb3 {[%clk 00:13:03]} {[%emt 00:00:24]} Rf7 {[%clk 00:26:02]} {[%emt 00:06:15]}
30. Rb6 {[%clk 00:11:47]} {[%emt 00:01:48]} Rgf6 {[%clk 00:24:42]} {[%emt
00:01:50]} 31. Bd3 {[%clk 00:08:59]} {[%emt 00:03:18]} Bh6 {[%clk 00:24:38]}
{[%emt 00:00:34]} 32. b4 {[%clk 00:06:27]} {[%emt 00:03:02]} Be3+ {[%clk
00:23:22]} {[%emt 00:01:45]} 33. Kh2 {[%clk 00:06:44]} {[%emt 00:00:14]} Kg7
{[%clk 00:19:59]} {[%emt 00:03:52]} 34. a5 {[%clk 00:03:58]} {[%emt 00:03:17]}
Re7 {[%clk 00:20:12]} {[%emt 00:00:17]} 35. b5 {[%clk 00:02:58]} {[%emt
00:01:30]} e4 {[%clk 00:19:21]} {[%emt 00:01:20]} 36. fxe4 {[%clk 00:02:11]}
{[%emt 00:01:17]} fxe4 {[%clk 00:19:27]} {[%emt 00:00:25]} 37. Bb1 {[%clk
00:01:48]} {[%emt 00:00:53]} axb5 {[%clk 00:16:39]} {[%emt 00:03:18]} 38. Rxb5
{[%clk 00:02:02]} {[%emt 00:00:16]} Rfe6 {[%clk 00:13:56]} {[%emt 00:03:12]} 39.
Rf5 {[%clk 00:01:17]} {[%emt 00:01:15]} Re5 {[%clk 00:10:22]} {[%emt 00:04:04]}
40. Ref1 {[%clk 00:01:01]} {[%emt 00:00:47]} Rxf5 {[%clk 00:09:31]} {[%emt
00:01:21]} 41. Rxf5 {[%clk 00:01:25]} {[%emt 00:00:06]} d3 {[%clk 00:09:46]}
{[%emt 00:00:14]} 42. g3 {[%clk 00:27:52]} {[%emt 00:04:03]} Rf7 {[%clk
00:35:30]} {[%emt 00:04:46]} 43. Rxf7+ {[%clk 00:27:29]} {[%emt 00:00:53]} Kxf7
{[%clk 00:35:56]} {[%emt 00:00:04]} 44. gxh4 {[%clk 00:27:29]} {[%emt
00:00:30]} Kf6 {[%clk 00:36:22]} {[%emt 00:00:04]} 45. Kg3 {[%clk 00:26:52]}
{[%emt 00:01:07]} Kf5 {[%clk 00:35:26]} {[%emt 00:01:26]} 46. h5 {[%clk
00:25:57]} {[%emt 00:01:25]} Bh6 {[%clk 00:34:38]} {[%emt 00:01:18]} 47. Kf2
{[%clk 00:24:06]} {[%emt 00:02:22]} Ke5 {[%clk 00:34:56]} {[%emt 00:00:12]} 48.
Ba2 {[%clk 00:23:46]} {[%emt 00:00:50]} e3+ {[%clk 00:34:38]} {[%emt 00:00:47]}
49. Ke1 {[%clk 00:24:01]} {[%emt 00:00:16]} Bg5 {[%emt 00:00:41]} 0-1

[Event "Chess Masters Gent 2023"]
[Site "Ghent, Belgium"]
[Date "2023.07.19"]
[Round "9.3"]
[White "Gormally, Daniel W."]
[Black "Pijpers, Arthur"]
[Result "1-0"]
[TimeControl "90'/40 + 30' + 30\"/M"]
[WhiteTitle "GM"]
[BlackTitle "IM"]
[WhiteFideId "406465"]
[BlackFideId "1019554"]
[WhiteElo "2432"]
[BlackElo "2465"]

1. d4 {[%clk 01:30:56]} {[%emt 00:00:03]} Nf6 {[%clk 01:30:56]} {[%emt
00:00:05]} 2. Nf3 {[%clk 01:31:20]} {[%emt 00:00:05]} g6 {[%clk 01:31:14]}
{[%emt 00:00:12]} 3. g3 {[%clk 01:31:42]} {[%emt 00:00:08]} Bg7 {[%clk
01:29:46]} {[%emt 00:01:59]} 4. Bg2 {[%clk 01:31:59]} {[%emt 00:00:13]} c5
{[%clk 01:29:05]} {[%emt 00:01:11]} 5. d5 {[%clk 01:31:17]} {[%emt 00:01:12]}
b5 {[%clk 01:29:22]} {[%emt 00:00:13]} 6. d6 {[%clk 01:30:45]} {[%emt
00:01:01]} Nc6 {[%clk 01:24:39]} {[%emt 00:05:14]} 7. O-O {[%clk 01:28:40]}
{[%emt 00:02:35]} exd6 {[%clk 01:18:00]} {[%emt 00:07:10]} 8. Nc3 {[%clk
01:26:05]} {[%emt 00:03:05]} a6 {[%clk 00:53:55]} {[%emt 00:24:35]} 9. Qxd6
{[%clk 01:24:17]} {[%emt 00:02:17]} Qe7 {[%clk 00:54:15]} {[%emt 00:00:10]} 10.
Qxe7+ {[%clk 01:20:50]} {[%emt 00:03:57]} Nxe7 {[%clk 00:54:40]} {[%emt
00:00:05]} 11. Be3 {[%clk 01:18:51]} {[%emt 00:02:29]} d6 {[%clk 00:50:50]}
{[%emt 00:04:20]} 12. Rad1 {[%clk 01:09:29]} {[%emt 00:09:52]} Bb7 {[%clk
00:39:18]} {[%emt 00:12:02]} 13. Rxd6 {[%clk 01:06:37]} {[%emt 00:03:22]} Nf5
{[%clk 00:39:29]} {[%emt 00:00:19]} 14. Rb6 {[%clk 01:04:29]} {[%emt 00:02:38]}
Nxe3 {[%clk 00:39:31]} {[%emt 00:00:28]} 15. fxe3 {[%clk 01:04:54]} {[%emt
00:00:05]} b4 {[%clk 00:28:55]} {[%emt 00:11:06]} 16. Na4 {[%clk 01:01:25]}
{[%emt 00:03:58]} Bd5 {[%clk 00:28:18]} {[%emt 00:01:07]} 17. c4 {[%clk
00:56:27]} {[%emt 00:05:28]} bxc3 {[%clk 00:19:51]} {[%emt 00:08:56]} 18. Nxc3
{[%clk 00:56:46]} {[%emt 00:00:12]} O-O {[%clk 00:20:15]} {[%emt 00:00:06]} 19.
Rxf6 {[%clk 00:56:29]} {[%emt 00:00:47]} Bxf6 {[%clk 00:20:42]} {[%emt
00:00:02]} 20. Nxd5 {[%clk 00:56:54]} {[%emt 00:00:06]} Bxb2 {[%clk 00:21:06]}
{[%emt 00:00:05]} 21. Nd2 {[%clk 00:55:35]} {[%emt 00:01:49]} Rab8 {[%clk
00:21:17]} {[%emt 00:00:19]} 22. Nc4 {[%clk 00:52:32]} {[%emt 00:03:33]} Kg7
{[%clk 00:19:50]} {[%emt 00:01:57]} 23. Nc7 {[%clk 00:46:17]} {[%emt 00:06:45]}
1-0

[Event "Chess Masters Gent 2023"]
[Site "Ghent, Belgium"]
[Date "2023.07.19"]
[Round "9.4"]
[White "Ruzhansky, Elias"]
[Black "Hausrath, Daniel"]
[Result "0-1"]
[TimeControl "90'/40 + 30' + 30\"/M"]
[BlackTitle "GM"]
[WhiteFideId "472824"]
[BlackFideId "4617495"]
[WhiteElo "2209"]
[BlackElo "2442"]

1. e4 {[%clk 01:30:57]} {[%emt 00:00:02]} c6 {[%clk 01:30:39]} {[%emt
00:00:21]} 2. Nc3 {[%clk 01:26:55]} {[%emt 00:04:31]} d5 {[%clk 01:30:45]}
{[%emt 00:00:25]} 3. Nf3 {[%clk 01:27:15]} {[%emt 00:00:09]} Bg4 {[%clk
01:30:59]} {[%emt 00:00:16]} 4. h3 {[%clk 01:27:31]} {[%emt 00:00:15]} Bxf3
{[%clk 01:31:19]} {[%emt 00:00:11]} 5. Qxf3 {[%clk 01:27:51]} {[%emt 00:00:09]}
e6 {[%clk 01:31:42]} {[%emt 00:00:07]} 6. d3 {[%clk 01:22:39]} {[%emt
00:05:42]} Nd7 {[%clk 01:30:26]} {[%emt 00:01:46]} 7. g3 {[%clk 01:23:03]}
{[%emt 00:00:07]} Bb4 {[%clk 01:20:35]} {[%emt 00:10:21]} 8. Bd2 {[%clk
01:21:51]} {[%emt 00:01:42]} d4 {[%clk 01:17:38]} {[%emt 00:03:26]} 9. Nb1
{[%clk 01:22:11]} {[%emt 00:00:10]} Qb6 {[%clk 01:18:00]} {[%emt 00:00:08]} 10.
b3 {[%clk 01:21:32]} {[%emt 00:01:09]} a5 {[%clk 01:15:54]} {[%emt 00:02:37]}
11. a3 {[%clk 01:17:23]} {[%emt 00:04:38]} Bxd2+ {[%clk 01:08:20]} {[%emt
00:08:05]} 12. Nxd2 {[%clk 01:17:42]} {[%emt 00:00:10]} a4 {[%clk 01:08:47]}
{[%emt 00:00:04]} 13. Nc4 {[%clk 01:04:17]} {[%emt 00:13:54]} Qc7 {[%clk
01:06:20]} {[%emt 00:02:58]} 14. Bg2 {[%clk 01:04:19]} {[%emt 00:00:28]} axb3
{[%clk 00:58:54]} {[%emt 00:07:57]} 15. cxb3 {[%clk 01:04:42]} {[%emt
00:00:06]} Ne5 {[%clk 00:57:27]} {[%emt 00:01:58]} 16. Qe2 {[%clk 01:03:15]}
{[%emt 00:01:57]} Nxc4 {[%clk 00:56:09]} {[%emt 00:01:48]} 17. dxc4 {[%clk
01:03:26]} {[%emt 00:00:19]} e5 {[%clk 00:40:26]} {[%emt 00:16:13]} 18. O-O
{[%clk 00:59:19]} {[%emt 00:04:36]} Nf6 {[%clk 00:40:22]} {[%emt 00:00:36]} 19.
Rfe1 {[%clk 00:50:34]} {[%emt 00:09:15]} Nd7 {[%clk 00:35:17]} {[%emt
00:05:35]} 20. Bf1 {[%clk 00:47:27]} {[%emt 00:03:36]} O-O {[%clk 00:35:16]}
{[%emt 00:00:32]} 21. Qc2 {[%clk 00:46:58]} {[%emt 00:00:59]} Qd6 {[%clk
00:31:32]} {[%emt 00:04:13]} 22. b4 {[%clk 00:46:56]} {[%emt 00:00:33]} c5
{[%clk 00:31:56]} {[%emt 00:00:07]} 23. b5 {[%clk 00:47:14]} {[%emt 00:00:12]}
Ra5 {[%clk 00:30:25]} {[%emt 00:02:00]} 24. a4 {[%clk 00:47:29]} {[%emt
00:00:15]} Rfa8 {[%clk 00:30:20]} {[%emt 00:00:34]} 25. Ra3 {[%clk 00:47:47]}
{[%emt 00:00:13]} Nb6 {[%clk 00:29:21]} {[%emt 00:01:29]} 26. Rea1 {[%clk
00:48:05]} {[%emt 00:00:11]} Qe6 {[%clk 00:27:42]} {[%emt 00:02:10]} 27. Kg2
{[%clk 00:46:19]} {[%emt 00:02:16]} R8a7 {[%clk 00:25:16]} {[%emt 00:02:57]} 28.
Bd3 {[%clk 00:45:18]} {[%emt 00:01:30]} Nc8 {[%clk 00:24:35]} {[%emt 00:01:11]}
29. Qe2 {[%clk 00:34:00]} {[%emt 00:11:47]} g6 {[%clk 00:22:46]} {[%emt
00:02:19]} 30. Bc2 {[%clk 00:27:10]} {[%emt 00:07:20]} Nd6 {[%clk 00:22:14]}
{[%emt 00:01:03]} 31. Bb3 {[%clk 00:27:17]} {[%emt 00:00:23]} b6 {[%clk
00:20:59]} {[%emt 00:01:45]} 32. Re1 {[%clk 00:25:58]} {[%emt 00:01:48]} Rd7
{[%clk 00:19:14]} {[%emt 00:02:15]} 33. Qd3 {[%clk 00:25:10]} {[%emt 00:01:18]}
Kg7 {[%clk 00:19:19]} {[%emt 00:00:26]} 34. Raa1 {[%clk 00:23:20]} {[%emt
00:02:20]} Re7 {[%clk 00:18:58]} {[%emt 00:00:50]} 35. Rf1 {[%clk 00:22:34]}
{[%emt 00:01:15]} f5 {[%clk 00:17:57]} {[%emt 00:01:31]} 36. f3 {[%clk
00:22:58]} {[%emt 00:00:06]} Rf7 {[%clk 00:14:19]} {[%emt 00:04:09]} 37. Rae1
{[%clk 00:22:53]} {[%emt 00:00:36]} fxe4 {[%clk 00:13:30]} {[%emt 00:01:19]} 38.
fxe4 {[%clk 00:23:15]} {[%emt 00:00:07]} Raa7 {[%clk 00:13:46]} {[%emt
00:00:15]} 39. Qe2 {[%clk 00:14:55]} {[%emt 00:08:50]} Qc8 {[%clk 00:11:41]}
{[%emt 00:02:35]} 40. Bc2 {[%clk 00:12:35]} {[%emt 00:02:49]} Qg8 {[%clk
00:07:47]} {[%emt 00:04:24]} 41. Bb3 {[%clk 00:08:09]} {[%emt 00:04:56]} Qa8
{[%clk 00:07:44]} {[%emt 00:00:33]} 42. Kg1 {[%clk 00:05:46]} {[%emt 00:02:53]}
Rxf1+ {[%clk 00:07:00]} {[%emt 00:01:14]} 43. Kxf1 {[%clk 00:05:24]} {[%emt
00:00:52]} Rf7+ {[%clk 00:03:31]} {[%emt 00:03:59]} 44. Kg1 {[%clk 00:05:45]}
{[%emt 00:00:09]} Qa5 {[%clk 00:01:46]} {[%emt 00:02:15]} 45. Rc1 {[%clk
00:04:41]} {[%emt 00:01:34]} Qb4 {[%clk 00:28:12]} {[%emt 00:04:03]} 46. Qd3
{[%clk 00:34:57]} {[%emt 00:00:13]} h5 {[%clk 00:27:22]} {[%emt 00:01:21]} 47.
Rf1 {[%clk 00:22:00]} {[%emt 00:13:27]} Rxf1+ {[%clk 00:23:15]} {[%emt
00:04:38]} 48. Kxf1 {[%clk 00:22:20]} {[%emt 00:00:09]} Nb7 {[%clk 00:23:43]}
{[%emt 00:00:03]} 49. g4 {[%clk 00:14:59]} {[%emt 00:07:51]} h4 {[%clk
00:23:25]} {[%emt 00:00:48]} 50. g5 {[%clk 00:15:12]} {[%emt 00:00:17]} Qa3
{[%clk 00:23:11]} {[%emt 00:00:44]} 51. Kg2 {[%clk 00:09:04]} {[%emt 00:06:38]}
Qc1 {[%clk 00:22:42]} {[%emt 00:00:59]} 52. Bd1 {[%clk 00:08:59]} {[%emt
00:00:36]} Qxg5+ {[%clk 00:22:52]} {[%emt 00:00:20]} 53. Bg4 {[%clk 00:09:23]}
{[%emt 00:00:05]} Na5 {[%clk 00:22:45]} {[%emt 00:00:37]} 0-1

[Event "Chess Masters Gent 2023"]
[Site "Ghent, Belgium"]
[Date "2023.07.19"]
[Round "9.5"]
[White "Dauw, Sterre"]
[Black "Fernandez, Daniel H."]
[Result "0-1"]
[TimeControl "90'/40 + 30' + 30\"/M"]
[WhiteTitle "FM"]
[BlackTitle "GM"]
[WhiteFideId "248886"]
[BlackFideId "5801605"]
[WhiteElo "2244"]
[BlackElo "2518"]

1. e4 {[%clk 01:12:10]} {[%emt 00:18:50]} c5 {[%clk 01:30:57]} {[%emt
00:00:03]} 2. Nf3 {[%clk 01:12:34]} {[%emt 00:00:05]} d6 {[%clk 01:31:22]}
{[%emt 00:00:05]} 3. d4 {[%clk 01:13:00]} {[%emt 00:00:04]} cxd4 {[%clk
01:31:48]} {[%emt 00:00:05]} 4. Nxd4 {[%clk 01:13:26]} {[%emt 00:00:04]} Nf6
{[%clk 01:32:10]} {[%emt 00:00:07]} 5. Nc3 {[%clk 01:13:49]} {[%emt 00:00:04]}
a6 {[%clk 01:32:38]} {[%emt 00:00:05]} 6. Be2 {[%clk 01:13:21]} {[%emt
00:00:57]} e5 {[%clk 01:31:43]} {[%emt 00:01:26]} 7. Nb3 {[%clk 01:13:45]}
{[%emt 00:00:06]} Be7 {[%clk 01:31:56]} {[%emt 00:00:17]} 8. g4 {[%clk
01:12:29]} {[%emt 00:01:45]} h6 {[%clk 01:32:16]} {[%emt 00:00:11]} 9. h4
{[%clk 01:12:25]} {[%emt 00:00:34]} b5 {[%clk 01:25:48]} {[%emt 00:06:59]} 10.
a3 {[%clk 00:45:38]} {[%emt 00:27:18]} Bb7 {[%clk 01:23:48]} {[%emt 00:02:30]}
11. Qd3 {[%clk 00:45:41]} {[%emt 00:00:27]} Nbd7 {[%clk 01:07:14]} {[%emt
00:17:04]} 12. Be3 {[%clk 00:44:44]} {[%emt 00:01:27]} Qc7 {[%clk 00:52:32]}
{[%emt 00:15:13]} 13. Bf3 {[%clk 00:37:59]} {[%emt 00:07:14]} Nb6 {[%clk
00:46:00]} {[%emt 00:07:02]} 14. O-O-O {[%clk 00:22:09]} {[%emt 00:16:20]} Nc4
{[%clk 00:45:49]} {[%emt 00:00:42]} 15. g5 {[%clk 00:22:33]} {[%emt 00:00:06]}
Nxe3 {[%clk 00:46:10]} {[%emt 00:00:09]} 16. Qxe3 {[%clk 00:22:50]} {[%emt
00:00:13]} Nd7 {[%clk 00:46:31]} {[%emt 00:00:09]} 17. gxh6 {[%clk 00:22:34]}
{[%emt 00:00:45]} Rxh6 {[%clk 00:46:44]} {[%emt 00:00:17]} 18. h5 {[%clk
00:18:34]} {[%emt 00:04:30]} Qb6 {[%clk 00:41:39]} {[%emt 00:05:35]} 19. Qxb6
{[%clk 00:16:55]} {[%emt 00:02:10]} Nxb6 {[%clk 00:42:07]} {[%emt 00:00:02]} 20.
Na5 {[%clk 00:17:13]} {[%emt 00:00:11]} Bc8 {[%clk 00:42:22]} {[%emt 00:00:15]}
21. Nc6 {[%clk 00:17:38]} {[%emt 00:00:06]} Rf6 {[%clk 00:34:40]} {[%emt
00:08:12]} 22. Rd3 {[%clk 00:16:46]} {[%emt 00:01:22]} Bf8 {[%clk 00:26:06]}
{[%emt 00:09:03]} 23. Rg1 {[%clk 00:13:41]} {[%emt 00:03:35]} Be6 {[%clk
00:26:11]} {[%emt 00:00:25]} 24. Rg3 {[%clk 00:14:04]} {[%emt 00:00:07]} Rf4
{[%clk 00:21:08]} {[%emt 00:05:34]} 25. Nb4 {[%clk 00:11:21]} {[%emt 00:03:13]}
Rh4 {[%clk 00:21:24]} {[%emt 00:00:13]} 26. b3 {[%clk 00:11:29]} {[%emt
00:00:22]} Rh2 {[%clk 00:18:37]} {[%emt 00:03:16]} 27. Rg2 {[%clk 00:11:16]}
{[%emt 00:00:44]} Rxg2 {[%clk 00:13:22]} {[%emt 00:05:45]} 28. Bxg2 {[%clk
00:11:36]} {[%emt 00:00:09]} Be7 {[%clk 00:13:47]} {[%emt 00:00:05]} 29. Kb2
{[%clk 00:09:12]} {[%emt 00:02:54]} Bh4 {[%clk 00:13:09]} {[%emt 00:01:08]} 30.
Rxd6 {[%clk 00:03:49]} {[%emt 00:05:54]} Bxf2 {[%clk 00:13:26]} {[%emt
00:00:12]} 31. Ncd5 {[%clk 00:04:15]} {[%emt 00:00:04]} Nxd5 {[%emt 00:08:54]}
32. exd5 {[%clk 00:03:54]} Bg4 {[%clk 00:05:51]} {[%emt 00:00:32]} 33. h6
{[%clk 00:02:22]} {[%emt 00:02:02]} Ke7 {[%clk 00:05:36]} {[%emt 00:00:44]} 34.
Rc6 {[%clk 00:01:17]} {[%emt 00:01:36]} gxh6 {[%clk 00:04:00]} {[%emt
00:02:06]} 35. Rxh6 {[%clk 00:01:04]} {[%emt 00:00:43]} Rg8 {[%clk 00:03:11]}
{[%emt 00:01:19]} 36. d6+ {[%clk 00:00:55]} {[%emt 00:00:39]} Kf8 {[%clk
00:01:48]} {[%emt 00:01:52]} 37. Bh3 {[%clk 00:00:35]} {[%emt 00:00:51]} Kg7
{[%clk 00:01:21]} {[%emt 00:00:57]} 38. Bxg4 {[%clk 00:00:42]} {[%emt
00:00:23]} Kxh6 {[%clk 00:01:49]} {[%emt 00:00:02]} 39. Bh3 {[%clk 00:00:32]}
{[%emt 00:00:40]} e4 {[%clk 00:01:09]} {[%emt 00:01:10]} 40. d7 {[%clk
00:00:50]} {[%emt 00:00:12]} e3 {[%clk 00:01:21]} {[%emt 00:00:17]} 0-1